000 00694nam a2200229 a 4500
001 2797
003 BD-RjUL
005 20211208233624.0
008 131217s1959 nyua b 001 0 eng d
035 _a(BD-RjUL)2824
040 _aDLC
_cDLC
_dDLC
_dBD-RjUL
_beng
041 _aeng
082 0 0 _223
_a336
_bMUT 1959
100 1 _aMusgrave, Richard A.
_q(Richard Abel),
_d1910-2007.
_98968
245 1 4 _aThe theory of public finance :
_ba study in public economy /
_cRichard A.Musgrave.
260 _aNew York :
_bMcGraw-Hill,
_cc1959.
300 _axvii, 628 p.;
_billus.:
_c23 cm.
504 _aIncludes bibliography.
650 0 _a Public Finance
_98969
942 _2ddc
_cBK
999 _c2797
_d2797